000 00278nam a2200121Ia 4500
008 190216s9999||||xx |||||||||||||| ||und||
100 _aReema Thivari
245 0 _aHindi - Mobi Dik
260 _bChathan Sahithya Mandir
_c2006
300 _a127
650 _aHindi
942 _cBK
999 _c16495
_d16495